00425nam a2200157Ia 450000500170000000800410001702000140005804000190007204100120009108200150010324500360011826000420015430000220019665000390021885000100025720240327093053.0131103s9999 xx 000 0 und d a194513513 aLoreto College aEnglish a420.7bREA aReading and thinking in english aOxfordbOxford University Pressc1979 axiii,89 p.b ill. aEnglish Language -study & teaching aLCBED